| 000 | 00480nam a22001697a 4500 | ||
|---|---|---|---|
| 008 | 170830b xxu||||| |||| 00| 0 eng d | ||
| 020 | _a9788126526383(pbk.) | ||
| 082 |
_223 _a658.81 _bCRO |
||
| 100 | _aCron, William L. | ||
| 245 |
_aSales management : _bconcepts and cases |
||
| 250 | _a1st ed. | ||
| 260 |
_aNew Delhi _bJohn wiley And Sons, Inc. _c2010 |
||
| 300 |
_axix,345p.; _c23cm. |
||
| 650 |
_2Management _aManagement |
||
| 700 | _aDecarlo, Thomas E. | ||
| 942 |
_2ddc _cBK |
||
| 999 |
_c10739 _d10739 |
||